20 Famous People from Colombia - Statistics

General Stats
  • This quiz has been taken 58 times
  • The average score is 8 of 20
Answer Stats
Hint Answer % Correct
Singer who is married to Spanish footballer Gerard Pique Shakira
92%
Founder and sole leader of the Medellín Cartel Pablo Escobar
81%
Top goal scorer at 2014 FIFA World Cup James Rodríguez
74%
Highest paid actress in American television from 2013 to 2020 Sofia Vergara
62%
Novelist who wrote One Hundred Years of Solitude Gabriel Garcia Marquez
58%
Football player whose distinctive hairstyle and technical skills made him popular Carlos Valderrama
55%
Footballer and all-time top scorer for the Colombia national team Radamel Falcao
51%
Racing driver who competed in Formula One from 2001 to 2006 Juan Pablo Montoya
47%
Goalkeeper known for his high-risk 'sweeper-keeper' playing style Rene Higuita
45%
"Prince of Reggaeton", and is one of the best-selling Latin music artists J Balvin
34%
President of Colombia from 2010 to 2018 and the 2016 Nobel Peace Prize winner Juan Manuel Santos
30%
Artist whose style "Boterismo", depicts people and figures in large, exaggerated volume Fernando Botero
28%
Musician and Grammy Award winner known for his association with the rock band Ekhymosis Juanes
23%
Cyclist who was 2nd overall in the Tour de France in 2013 and 2015 Nairo Quintana
21%
Singer known for his fusion of pop vocals and traditional Colombian vallenato music Carlos Vives
15%
Actor who is credited with voicing Sid the Sloth in the Ice Age film series John Leguizamo
15%
Academy Award nominated actress for her role in Maria Full of Grace Catalina Sandino Moreno
13%
Girl who died at age 13 after the Nevado del Ruiz volcano erupted in 1985 Omayra Sanchez
13%
First billionaire female drug lord known as La Madrina and the Black Widow Griselda Blanco
6%
Journalist who was granted asylum in the USA in order to help the DEA in cases against drug cartels Virginia Vallejo
6%
No matching quizzes found
Score Distribution
Percent of People with Each Score
Percentile by Number Answered
Your Score History
You have not taken this quiz